Missing Word: Stop & Go Songs Quiz Stats

 Plays Quiz Updated Mar 29, 2018

Score 0/20 Timer 03:00
0 Plays Today
Title Word % Correct
__ Heart Will Go OnMy
96.9%
The Show Must Go __On
96.8%
I Just Can’t Stop ______ YouLoving
96.2%
Here We Go _____Again
95.4%
Don’t Let the Sun Go ____ On MeDown
95%
Easy ____, Easy GoCome
94.4%
Does This ___ Stop at 82nd Street?Bus
88.8%
Don't Stop _____Believin'
88.7%
Everytime You Go ____Away
83.8%
Where Do ______ Hearts GoBroken
81.7%
Title Word % Correct
Stop Draggin’ My _____ AroundHeart
81%
Don’t Stop The _____Music
79.7%
I Can’t Go For ____ (No Can Do)That
69.5%
_____ StopDon't
68%
They Just Can’t Stop It (The _____ People Play)Games
62.7%
Can’t Stop The _______!Feeling
62%
Let’s Go _____Crazy
51.8%
Stop To ____Love
29.7%
I Go To ________Extremes
19.2%
Stop Your _______Sobbing
11.2%

Today's Daily Dose

Word Ladder
In Hot 'Water'

Quick Pick
Opera Composers

Get the Picture
The Office Accountants

You're not logged in!

Compare scores with friends on all Sporcle quizzes.
OR
Log In

Show Comments

Extras

Top Quizzes Today


Score Distribution

Your Account Isn't Verified!

In order to create a playlist on Sporcle, you need to verify the email address you used during registration. Go to your Sporcle Settings to finish the process.

Report this User

Report this user for behavior that violates our Community Guidelines.

Details: